Statistics for Complete the movie quote

Click here to take the quiz!

General Stats

  • This quiz has been taken 23 times
  • The average score is 9 of 15

Answer Stats

HintAnswer% Correct
Say hello to my little _____friend
95%
On Wednesdays we wear ____pink
90%
He can't see without his ______glasses
86%
Don't you ever raise your voice at me! I am your ______mother
86%
What's your favourite scary _____?movie
86%
You had me at ____hello
81%
Mrs Robinson you're trying to _____ meseduce
71%
I do wish we could chat longer, but I’m having an ___ ______ for dinnerold friend
67%
Yo, ______!Adrian
57%
Luca Brasi sleeps with the ______fishes
57%
I have always depended on the kindness of ________strangers
57%
_______ never say dieGoonies
43%
And when I arrive at my destination, I am gonna ____ ____kill Bill
19%
We are the _______, misterweirdos
19%
You work on commission, right? ___ ________big mistake
14%

Score Distribution

Percentile by Number Answered

Percent of People with Each Score

Your Score History

You have not taken this quiz